| 000 | 00922cab a2200253 4500 | ||
|---|---|---|---|
| 001 | WB3501-04 | ||
| 008 | 090401t1999 xxu||||| |||| 00| 0 eng d | ||
| 035 | _a(Sirsi) u90519 | ||
| 041 | _aeng | ||
| 245 | _aTimber frames at the elm | ||
| 260 | _c1999 | ||
| 350 | _a0 | ||
| 490 |
_aHerald _v4 January 1999, 14(2) |
||
| 520 | _aAlthough the majority of new housing in Scotland is now timber-frame, the industry could learn much from Japan about quality and innovation in design. Refers to "Houses from the rising sun: lessons from the Japanese housing delivery experience", available from Trada Technology (01494 563091) price £40. | ||
| 650 | _aHOUSE BUILDING | ||
| 650 | _aJAPAN | ||
| 650 | _aSCOTLAND | ||
| 650 | _aTIMBER FRAME BUILDINGS | ||
| 650 | _aTIMBER FRAME CONSTRUCTION | ||
| 650 | _aTIMBER FRAME HOUSES | ||
| 690 | _aBUILT ENVIRONMENT-CONSTRUCTION DESIGN | ||
| 942 | _n0 | ||
| 948 | _c05/01/1999 | ||
| 999 |
_c57399 _d57399 |
||